Ashanti to Zulu : (Record no. 66380)
[ view plain ]
| 000 -LEADER | |
|---|---|
| fixed length control field | 01239cam a2200349 i 4500 |
| 001 - CONTROL NUMBER | |
| control field | BK0000353543 |
| 003 - CONTROL NUMBER IDENTIFIER | |
| control field | AU |
| 005 - DATE AND TIME OF LATEST TRANSACTION | |
| control field | 20241220124405.0 |
| 008 - FIXED-LENGTH DATA ELEMENTS--GENERAL INFORMATION | |
| fixed length control field | 770404s1976 nyua j 000 0 eng |
| 010 ## - LIBRARY OF CONGRESS CONTROL NUMBER | |
| LC control number | 76006610 |
| 020 ## - INTERNATIONAL STANDARD BOOK NUMBER | |
| International Standard Book Number | 9780803703575 : HRD |
| Terms of availability | $19.99 |
| 020 ## - INTERNATIONAL STANDARD BOOK NUMBER | |
| International Standard Book Number | 0803703570 : HRD |
| Terms of availability | $19.99 |
| -- | lib. bdg. : |
| 037 ## - SOURCE OF ACQUISITION | |
| Source of stock number/acquisition | Penguin Group USA, Order Processing Dept 120 Woodbine st, Bergenfield, NJ, USA, 07621 |
| Note | SAN 282-5074 |
| 040 ## - CATALOGING SOURCE | |
| Original cataloging agency | DLC |
| Transcribing agency | DLC |
| Modifying agency | DLC |
| 050 00 - LIBRARY OF CONGRESS CALL NUMBER | |
| Classification number | GN645 |
| Item number | .M87 |
| 082 00 - DEWEY DECIMAL CLASSIFICATION NUMBER | |
| Classification number | 960 |
| 092 ## - LOCALLY ASSIGNED DEWEY CALL NUMBER (OCLC) | |
| Classification number | 960.0000 |
| 092 ## - LOCALLY ASSIGNED DEWEY CALL NUMBER (OCLC) | |
| Classification number | CALDECOTT 1977 |
| 100 1# - MAIN ENTRY--PERSONAL NAME | |
| Personal name | Musgrove, Margaret. |
| 9 (RLIN) | 6202229 |
| 245 10 - TITLE STATEMENT | |
| Title | Ashanti to Zulu : |
| Remainder of title | African traditions / |
| Statement of responsibility, etc | Margaret Musgrove ; pictures by Leo and Diane Dillon. |
| 260 ## - PUBLICATION, DISTRIBUTION, ETC. (IMPRINT) | |
| Place of publication, distribution, etc | New York : |
| Name of publisher, distributor, etc | Dial Press, |
| Date of publication, distribution, etc | c1976. |
| 300 ## - PHYSICAL DESCRIPTION | |
| Extent | [32] p. : |
| Other physical details | chiefly col. ill. ; |
| Dimensions | 33 cm. |
| 520 ## - SUMMARY, ETC. | |
| Summary, etc | Explains some traditions and customs of 26 African tribes beginning with letters from A to Z. |
| 650 #0 - SUBJECT ADDED ENTRY--TOPICAL TERM | |
| Topical term or geographic name as entry element | Ethnology |
| Geographic subdivision | Africa |
| General subdivision | Juvenile literature. |
| 9 (RLIN) | 6511406 |
| 650 #1 - SUBJECT ADDED ENTRY--TOPICAL TERM | |
| Topical term or geographic name as entry element | Ethnology |
| Geographic subdivision | Africa. |
| 9 (RLIN) | 83546 |
| 651 #1 - SUBJECT ADDED ENTRY--GEOGRAPHIC NAME | |
| Geographic name | Africa |
| General subdivision | Social life and customs. |
| 9 (RLIN) | 100442 |
| 650 #1 - SUBJECT ADDED ENTRY--TOPICAL TERM | |
| Topical term or geographic name as entry element | Alphabet. |
| 9 (RLIN) | 6202231 |
| 700 1# - ADDED ENTRY--PERSONAL NAME | |
| Personal name | Dillon, Leo. |
| 9 (RLIN) | 2764 |
| 700 1# - ADDED ENTRY--PERSONAL NAME | |
| Personal name | Dillon, Diane. |
| 9 (RLIN) | 2763 |
| 942 ## - ADDED ENTRY ELEMENTS (KOHA) | |
| Koha item type | BOOK |
| 998 ## - LOCAL CONTROL INFORMATION (RLIN) | |
| -- | a130736 |
| Withdrawn status | Lost status | Source of classification or shelving scheme | Damaged status | Not for loan | Collection code | Home library | Current library | Shelving location | Date acquired | Source of acquisition | Cost, normal purchase price | Total Checkouts | Total Renewals | Full call number | Barcode | Date last seen | Date checked out | Cost, replacement price | Price effective from | Koha item type |
|---|---|---|---|---|---|---|---|---|---|---|---|---|---|---|---|---|---|---|---|---|
| Dewey Decimal Classification | Children Caldecott Award | Wasatch County Library | Wasatch County Library | Main Floor Childrens Area | 07/09/2001 | Donation | 8.99 | 25 | 6 | E Mus | 34301000332348 | 02/17/2026 | 12/12/2023 | 8.99 | 03/20/2020 | BOOK |
